Miasta Polski powyżej 100 tysięcy mieszkańców na mapie - Statystyki

Ogólne statystyki
  • Ten quiz został rozwiązany 724 razy
    373 od ostatniego zresetowania
  • Średni wynik to 31 z 37
Odpowiedzi na mapie
Odpowiedzi zakodowano w zielono-czerwonej skali na mapie do tego quizu, zgodnie z poniższymi procentami.
 
Statystyki odpowiedzi
Województwo Miasto % Poprawnych
Pomorskie Gdańsk 490 tys.
99%
Małopolskie Kraków 800 tys.
99%
Mazowieckie Warszawa 1,8 mln
99%
Pomorskie Gdynia 240 tys.
98%
Łódzkie Łódź 650 tys.
98%
Wielkopolskie Poznań 540 tys.
97%
Zachodnio-pomorskie Szczecin 390 tys.
97%
Dolnośląsie Wrocław 670 tys.
97%
Podlaskie Białystok 290 tys.
96%
lubelskie Lublin 330 tys.
96%
Śląskie Katowice 280 tys.
94%
Kujawsko-Pomorskie Bydgoszcz 320 tys.
93%
Kujawsko-pomorskie Toruń 195 tys.
93%
Lubuskie Zielona Góra 140 tys.
93%
Świętokrzyskie Kielce 180 tys.
91%
Warmińsko-Mazurskie Olsztyn 170 tys.
91%
Podkarpackie Rzeszów 195 tys.
91%
Opolskie Opole 125 tys.
90%
Mazowieckie Radom 195 tys.
89%
Śląskie Częstochowa 205 tys.
85%
Lubuskie Gorzów Wielkopolski 115 tys.
84%
Warmińsko-Mazurskie Elbląg 110 tys.
83%
Zachodnio-Pomorskie Koszalin 105 tys.
81%
Mazowieckie Płock 110 tys.
81%
Śląskie Zabrze 155 tys.
79%
Śląskie Gliwice 170 tys.
78%
Śląskie Sosnowiec 190 tys.
76%
Małopolskie Tarnów 105 tys.
75%
Śląskie Bielsko-biała 165 tys.
70%
Śląskie Chorzów 100 tys.
70%
Dolnośląskie Wałbrzych 100 tys.
70%
Śląskie Bytom 145 tys.
66%
Kujawsko-Pomorskie Włocławek 100 tys.
65%
Śląskie Tychy 120 tys.
62%
Śląskie Dąbrowa Górnicza 115 tys.
59%
Śląskie Rybnik 130 tys.
57%
Śląskie Ruda Śląska 130 tys.
51%
Nie znaleziono quizów pasujących do podanych kryteriów
Rozkład punktacji
Procent ludzi z każdym wynikiem
Percentyl według liczby udzielonych odpowiedzi
Twoja historia wyników
Nie rozwiązałeś tego quizu od ostatniego zresetowania